| 000 | 00847nam a2200253 a 4500 | ||
|---|---|---|---|
| 001 | 000002298 | ||
| 005 | 20240412074200.0 | ||
| 008 | 090701s2007 dr 000 j spa d | ||
| 020 | _a9789945161670 | ||
| 040 |
_aDO-SdBNP _bspa _cBNPHU |
||
| 082 |
_aRD863.5 _bR759e |
||
| 100 | 1 |
_aRomano, Patricia _97307 |
|
| 245 | 1 | 0 |
_aEva en puntillas / _cPatricia Romano ; prólogo Roberto B. Saladín Selín ; edición Bismar Galán. |
| 260 |
_aSanto Domingo : _bBúho, _c2007. |
||
| 300 |
_a109 p. ; _c22 cm. |
||
| 500 | _aIncluye datos biográficos del autor en la solapa | ||
| 500 | _aIncluye índice | ||
| 590 | _aInventariado, 2019/BT | ||
| 650 | 0 |
_aCuentos dominicanos _97308 |
|
| 650 | 0 |
_aLiteratura dominicana. _967 |
|
| 700 | 1 |
_aSaladín Selín, Roberto B. _97309 |
|
| 700 | 1 |
_aGalán, Bismar, _d1961- _91490 |
|
| 910 | _aJornada de catalogación | ||
| 999 |
_c2143 _d2143 |
||